00231nam a2200109Ia 4500100001800000654001300018245002800031260003200059082001000091300000800101546001200109 aLuthans/Fred  aBehavior aOrganizational Behavior bMcGraw HillaNew Yorkc1977 a658.4 a588 aENGLISH